| 000 | 00373nam a2200133 4500 | ||
|---|---|---|---|
| 001 | 136476 | ||
| 003 | ES-MaACL | ||
| 007 | t| | ||
| 008 | 070214s1973 ko r ||||1| eng d | ||
| 245 | 0 | 0 |
_aSaemaul Undong _b: (new Community Movement). |
| 260 |
_aSeoul : _bKorean Overseas Information Service, _c1973. |
||
| 300 |
_a97 p. ; _c21 mc. |
||
| 852 |
_aES-MaACL _jE-8612 _bR.92896 |
||
| 999 |
_c136476 _d136476 |
||